000 00287nam a22001097a 4500
003 OSt
008 211008b ||||| |||| 00| 0 eng d
082 _a332.41
_bPAI/ST
100 _aPaish,F W
_95105
245 _astudies in an inflationary economy
_bThe united Kingdom 1948-1961
942 _cBK
999 _c17449
_d17449